[Event "DOM-ch"]
[Site "Santo Domingo"]
[Date "2023.03.10"]
[Round "9"]
[White "Polanco Nunez, Yoel Estarling"]
[Black "Jimenez Martinez, Dario Alberto"]
[Result "1-0"]
[WhiteElo "2195"]
[BlackElo "2019"]
[PlyCount "86"]
[EventDate "2023.02.24"]
[EventType "swiss"]
[EventRounds "11"]
[EventCountry "DOM"]
[SourceTitle "CBM 213 Extra"]
[Source "ChessBase"]
[SourceDate "2023.05.31"]
[SourceVersion "1"]
[SourceVersionDate "2023.05.31"]
[SourceQuality "1"]

1. d4 f5 2. Nc3 Nf6 3. Bg5 e6 4. e4 fxe4 5. Nxe4 Be7 6. Bxf6 Bxf6 7. Nf3 0-0 8. c3 b6 9. Bd3 Bb7 10. Qc2 h6 11. 0-0-0 Bxe4 12. Bxe4 d5 13. Bh7+ Kh8 14. Rhe1 Qd6 15. Bd3 Nd7 16. Qe2 Rae8 17. Ne5 Bxe5 18. dxe5 Qe7 19. g3 Qf7 20. f4 Nc5 21. Bc2 a5 22. h4 c6 23. b4 axb4 24. cxb4 Ne4 25. Bxe4 dxe4 26. Qxe4 Ra8 27. Kb1 Ra4 28. Rd4 Qa7 29. Re2 c5 30. bxc5 Rxd4 31. Qxd4 bxc5 32. Qc3 Qb7+ 33. Ka1 Rb8 34. Re1 c4 35. h5 Kg8 36. f5 Qd5 37. fxe6 Qxe6 38. Re4 Rc8 39. g4 Rc5 40. Qd4 Rc6 41. Qc3 Kf7 42. Rd4 Ke8 43. Qa5 Qc8 1-0

[Event "DOM-ch"]
[Site "Santo Domingo"]
[Date "2018.05.06"]
[Round "11"]
[White "Araujo Sanchez, Josue"]
[Black "Jimenez Martinez, Dario Alberto"]
[Result "1-0"]
[WhiteElo "2123"]
[BlackElo "2019"]
[PlyCount "79"]
[EventDate "2018.04.20"]
[EventType "swiss"]
[EventRounds "11"]
[EventCountry "DOM"]
[SourceTitle "CBM 184 Extra"]
[Source "ChessBase"]
[SourceDate "2018.06.28"]
[SourceVersion "1"]
[SourceVersionDate "2018.06.28"]
[SourceQuality "1"]

1. e4 e6 2. d3 d5 3. Nd2 dxe4 4. dxe4 e5 5. Ngf3 Bd6 6. Bc4 Nf6 7. 0-0 Bg4 8. h3 Bh5 9. Re1 0-0 10. Qe2 Nbd7 11. g4 Bg6 12. Nh4 Nc5 13. Nf5 Ne6 14. Nf1 Bxf5 15. gxf5 Nf4 16. Qf3 N6h5 17. Kh2 Qh4 18. Be3 g6 19. Qg4 Qf6 20. Ng3 Kh8 21. Rg1 Nxg3 22. fxg3 gxf5 23. Qxf5 Qxf5 24. exf5 Nh5 25. Bh6 f6 26. Bxf8 Rxf8 27. Be2 Ng7 28. Raf1 Kg8 29. Bc4+ Kh8 30. Bd5 b6 31. Be4 Nh5 32. Rd1 Rg8 33. Rd3 Rg5 34. a4 a5 35. c3 Rg8 36. Rb1 Kg7 37. b4 axb4 38. cxb4 Rb8 39. Rdb3 b5 40. a5 1-0

[Event "DOM-ch"]
[Site "Santo Domingo"]
[Date "2018.04.20"]
[Round "1"]
[White "Jimenez Martinez, Dario Alberto"]
[Black "Estevez Polanco, Leonardo Rafael"]
[Result "1-0"]
[WhiteElo "2019"]
[BlackElo "2194"]
[PlyCount "63"]
[EventDate "2018.04.20"]
[EventType "swiss"]
[EventRounds "11"]
[EventCountry "DOM"]
[SourceTitle "CBM 184 Extra"]
[Source "ChessBase"]
[SourceDate "2018.06.28"]
[SourceVersion "1"]
[SourceVersionDate "2018.06.28"]
[SourceQuality "1"]

1. Nf3 Nf6 2. g3 b6 3. Bg2 Bb7 4. d3 e6 5. 0-0 Be7 6. e4 d6 7. a4 a5 8. Nbd2 Nbd7 9. Nc4 0-0 10. Ng5 Ne8 11. h4 d5 12. exd5 exd5 13. Re1 Rb8 14. Ne3 Nc5 15. Nf5 Ne6 16. Rxe6 fxe6 17. Nxe6 Qd7 18. Nxe7+ Qxe7 19. Nxf8 Qxf8 20. Bf4 Qf7 21. Qd2 Nf6 22. Re1 Nh5 23. Be5 Re8 24. d4 Nf6 25. Qf4 c5 26. Re3 Nd7 27. Qxf7+ Kxf7 28. c3 Bc6 29. b3 b5 30. axb5 Bxb5 31. Bxd5+ Kg6 32. h5+ 1-0